[Event "Russian Championship B13 2016"]
[Site "Loo"]
[Date "2016.04.25"]
[Round "6.5"]
[White "Makarian, Rudik"]
[Black "Pshmahov, Osman"]
[Result "1-0"]
[WhiteElo "2016"]
[BlackElo "1878"]
[PlyCount "41"]
[EventDate "2016.04.20"]

1. d4 d5 2. Bg5 Nd7 3. e3 Ngf6 4. c4 c6 5. Nc3 e6 6. cxd5 exd5 7. Bd3 h6 8. Bh4
Bd6 9. Nge2 Qc7 10. Bg3 Nb6 11. O-O Ng4 12. h3 Bxg3 13. Nxg3 Nxe3 14. Re1 Be6
15. Rxe3 O-O-O 16. Na4 Nd7 17. b4 Rhe8 18. b5 Kb8 19. Rc1 Nf6 20. bxc6 b6 21.
Nc3 1-0

[Event "Russian Championship B13 2016"]
[Site "Loo"]
[Date "2016.04.25"]
[Round "6.6"]
[White "Babakekhyan, Artem"]
[Black "Kazmin, Semen"]
[Result "0-1"]
[WhiteElo "1846"]
[BlackElo "1942"]
[PlyCount "164"]
[EventDate "2016.04.20"]

1. Nf3 Nf6 2. c4 g6 3. g3 Bg7 4. Bg2 d6 5. O-O O-O 6. Nc3 Nc6 7. Rb1 a5 8. a3
e5 9. d3 Nh5 10. b4 axb4 11. axb4 f5 12. Qb3 Kh8 13. b5 Ne7 14. Nd2 f4 15. Nde4
Nf5 16. Nd5 Nd4 17. Qd1 c6 18. Nb4 Qc7 19. Bb2 fxg3 20. hxg3 Ne6 21. bxc6 bxc6
22. Nxc6 Qxc6 23. Nc3 Qa6 24. Ra1 Qb6 25. Rxa8 Qxb2 26. Na4 Qb4 27. Qc2 Nd4 28.
Qa2 d5 29. e3 Ne6 30. Rb1 Qe7 31. Nb6 Bd7 32. Ra7 Rd8 33. Nxd5 Qg5 34. Rbb7 Bc6
35. Re7 Nc5 36. Qa5 Rb8 37. Nb4 Bxg2 38. Rxg7 Nxg7 39. Qc7 Rg8 40. Kxg2 Nce6
41. Qc6 Rf8 42. Ra8 Qf5 43. Rxf8+ Qxf8 44. Nd5 h5 45. Nb6 Qf5 46. Qd5 Ng5 47.
Nd7 h4 48. Nxe5 h3+ 49. Kf1 h2 50. g4 Qxe5 51. Qxe5 h1=Q+ 52. Ke2 Qf3+ 53. Ke1
Qxg4 54. Qh2+ Kg8 55. Qb8+ Kh7 56. Qh2+ Nh3 57. Qg3 Qxg3 58. fxg3 Nf5 59. e4
Nd4 60. Kd2 Ng5 61. Ke3 Nge6 62. e5 Kg7 63. Ke4 Kf7 64. g4 Ke7 65. Kd5 Kd7 66.
Ke4 Kc6 67. Ke3 Kc5 68. Ke4 Nc6 69. Ke3 Nxe5 70. Ke4 Nxg4 71. d4+ Nxd4 72. Kf4
Ne6+ 73. Kxg4 g5 74. Kf5 Kxc4 75. Kxe6 g4 76. Kf5 g3 77. Kg4 g2 78. Kh3 g1=Q
79. Kh4 Kd4 80. Kh5 Ke5 81. Kh6 Kf6 82. Kh7 Qg7# 0-1

[Event "Russian Championship B13 2016"]
[Site "Loo"]
[Date "2016.04.25"]
[Round "6.7"]
[White "Kirillov, Dmitry"]
[Black "Golovin, Nikita A"]
[Result "1-0"]
[WhiteElo "1930"]
[BlackElo "1853"]
[PlyCount "45"]
[EventDate "2016.04.20"]

1. e4 e5 2. d4 exd4 3. Qxd4 Nc6 4. Qe3 Nge7 5. Bd2 d6 6. Nc3 Be6 7. O-O-O Qd7
8. Nge2 O-O-O 9. Nf4 g6 10. Ncd5 Bg7 11. Bb5 Kb8 12. Ba5 Rc8 13. Rd3 Rhe8 14.
Nxe7 Rxe7 15. Bc3 Bh6 16. Bf6 Ree8 17. Rc3 g5 18. Ne2 Bf5 19. Bxc6 bxc6 20. Ra3
c5 21. Qb3+ Ka8 22. exf5 Rxe2 23. Qf3+ 1-0

[Event "Russian Championship B13 2016"]
[Site "Loo"]
[Date "2016.04.25"]
[Round "6.8"]
[White "Tsoi, Dmitry"]
[Black "Kataev, Aleksandr"]
[Result "1-0"]
[WhiteElo "2127"]
[BlackElo "1800"]
[PlyCount "61"]
[EventDate "2016.04.20"]

1. e4 e6 2. d4 d5 3. Nc3 Nf6 4. Bg5 Be7 5. e5 Nfd7 6. h4 h6 7. Be3 c5 8. Qg4
Kf8 9. Nf3 Nc6 10. O-O-O cxd4 11. Bxd4 a6 12. Bd3 b5 13. Rh3 Nxd4 14. Qxd4 Bc5
15. Qg4 Bxf2 16. Rf1 Qb6 17. h5 Nc5 18. Nd1 Nxd3+ 19. cxd3 Be3+ 20. Kb1 Rg8 21.
d4 f5 22. Qh4 Bg5 23. Nxg5 hxg5 24. Qxg5 Qxd4 25. h6 gxh6 26. Qd8+ Kf7 27. Qc7+
Kf8 28. Rxh6 Qd3+ 29. Ka1 Qc4 30. Qd8+ Kf7 31. Rf6+ 1-0

[Event "Russian Championship B13 2016"]
[Site "Loo"]
[Date "2016.04.25"]
[Round "6.9"]
[White "Grachev, Alexey"]
[Black "Kulik, Artur"]
[Result "0-1"]
[WhiteElo "1990"]
[BlackElo "1739"]
[PlyCount "68"]
[EventDate "2016.04.20"]

1. e4 c5 2. Nf3 Nc6 3. d4 cxd4 4. Nxd4 g6 5. c4 Bg7 6. Be3 Nf6 7. Nc3 O-O 8.
Be2 d6 9. O-O Bd7 10. f3 Nxd4 11. Bxd4 Bc6 12. Qd2 Nd7 13. Bxg7 Kxg7 14. Qd4+
Kg8 15. b4 b6 16. Nd5 Bxd5 17. cxd5 a5 18. a3 f5 19. f4 fxe4 20. Bg4 h6 21.
Qxe4 Kg7 22. Be6 Nf6 23. Qd4 axb4 24. axb4 Rxa1 25. Rxa1 Qc7 26. h3 Kh7 27. f5
g5 28. Ra6 Nd7 29. Qe4 Kg7 30. h4 Ne5 31. Qe3 Qc4 32. Ra7 Kf6 33. h5 Qxb4 34.
Bd7 Qb1+ 0-1

[Event "Russian Championship B13 2016"]
[Site "Loo"]
[Date "2016.04.25"]
[Round "6.10"]
[White "Poznyak, Nazar"]
[Black "Tsybikov, Tumen"]
[Result "1-0"]
[WhiteElo "1762"]
[BlackElo "1977"]
[PlyCount "39"]
[EventDate "2016.04.20"]

1. e4 c5 2. Nf3 d6 3. d4 cxd4 4. Nxd4 Nf6 5. Nc3 a6 6. Bc4 e6 7. Bb3 Nbd7 8.
O-O Nc5 9. f4 Nfxe4 10. Nxe4 Nxe4 11. f5 e5 12. Qh5 Qc7 13. Ne6 Qe7 14. Bg5 Qd7
15. Rad1 g6 16. fxg6 fxg6 17. Qf3 Nxg5 18. Nxg5 h5 19. Bf7+ Kd8 20. Ne6+ 1-0

[Event "Russian Championship B13 2016"]
[Site "Loo"]
[Date "2016.04.25"]
[Round "6.11"]
[White "Ismagilov, Damir"]
[Black "Khaliullin, Albert"]
[Result "1-0"]
[WhiteElo "1929"]
[BlackElo "1689"]
[PlyCount "229"]
[EventDate "2016.04.20"]

1. d4 e6 2. Nf3 c5 3. c3 Nc6 4. Bf4 cxd4 5. cxd4 Qb6 6. Bc1 Nf6 7. Nc3 d5 8. e3
Ne4 9. Nxe4 dxe4 10. Nd2 Bb4 11. Be2 O-O 12. O-O Bxd2 13. Qxd2 Nb4 14. a3 Nd5
15. Qc2 Nf6 16. Bd2 Bd7 17. Rac1 Rac8 18. Qb1 Bb5 19. Rxc8 Rxc8 20. Rc1 Rc6 21.
Rxc6 Qxc6 22. Bxb5 Qxb5 23. Qc2 h6 24. Bb4 a5 25. Be1 b6 26. Qc8+ Kh7 27. Qc2
g6 28. b3 Qg5 29. Qc7 Kg7 30. Qxb6 Qh5 31. Qxa5 Qd1 32. Qd2 Qxb3 33. Qb4 Qd1
34. h3 Nd5 35. Qd2 Qa1 36. Qa5 h5 37. Kh2 Qa2 38. Qc5 Qe2 39. Qc1 g5 40. Qd2
Qf1 41. a4 g4 42. hxg4 hxg4 43. Qd1 f5 44. a5 Kg6 45. Qd2 Kg5 46. g3 Kg6 47. a6
Qxa6 48. Kg2 Qd6 49. Qa5 Qc6 50. Qd8 Qc7 51. Qa8 Kf6 52. Qh8+ Ke7 53. Qg7+ Kd6
54. Qe5+ Kd7 55. Qg7+ Kc6 56. Qg8 Kd7 57. Qg7+ Kc6 58. Qg8 Kd7 59. Qf7+ Kd6 60.
Qf8+ Kd7 61. Bb4 Nxb4 62. Qxb4 Qc6 63. Qf8 Kc7 64. Qf7+ Qd7 65. Qf6 Qd6 66. Qg5
Kc6 67. Qg8 Qd7 68. Qa8+ Qb7 69. Qa4+ Qb5 70. Qc2+ Kb6 71. Qc8 Qc6 72. Qb8+ Qb7
73. Qd6+ Qc6 74. Qb4+ Qb5 75. Qe7 Qc6 76. Qf7 Kb5 77. Qa7 Qc4 78. Qb7+ Ka4 79.
Qb6 Qd5 80. Kh2 Ka3 81. Qc5+ Kb2 82. Qb4+ Kc2 83. Qa3 Qb3 84. Qa5 Kd1 85. Kg2
Ke2 86. Qa6+ Kd2 87. Qa5+ Kd1 88. Qa1+ Kc2 89. Qa5 Kd3 90. Qa6+ Qc4 91. Qa3+
Kd2 92. Qb2+ Qc2 93. Qb4+ Ke2 94. Qb5+ Ke1 95. Qf1+ Kd2 96. Qa6 Qb3 97. Qa5+
Kd1 98. Qa1+ Kd2 99. Qa5+ Kc1 100. Qa1+ Qb1 101. Qc3+ Qc2 102. Qa1+ Kd2 103.
Qa5+ Ke2 104. Qa6+ Ke1 105. Qa1+ Qd1 106. Qa5+ Qd2 107. Qa1+ Qd1 108. Qc3+ Ke2
109. Qc4+ Kd2 110. Qxe6 Qf3+ 111. Kg1 Qd1+ 112. Kh2 Ke1 113. Qxf5 Qf3 114. Qxf3
gxf3 115. Kg1 1-0

[Event "Russian Championship B13 2016"]
[Site "Loo"]
[Date "2016.04.25"]
[Round "6.12"]
[White "Breskanu, Nikita"]
[Black "Tarasov, Danila"]
[Result "0-1"]
[WhiteElo "1810"]
[BlackElo "1868"]
[PlyCount "90"]
[EventDate "2016.04.20"]

1. c4 Nc6 2. Nc3 e5 3. g3 g6 4. Bg2 Bg7 5. e3 Nge7 6. Nge2 O-O 7. O-O d6 8. d3
Bd7 9. Rb1 Qc8 10. Re1 Bh3 11. Bh1 a5 12. a3 h5 13. b4 axb4 14. axb4 h4 15. d4
hxg3 16. hxg3 exd4 17. exd4 Nf5 18. d5 Ne5 19. Nf4 Nxc4 20. Qb3 Ne5 21. Nce2
Nh6 22. Bb2 Bd7 23. Rbc1 Nf5 24. b5 b6 25. Bxe5 Bxe5 26. Qc4 Ra7 27. Nd3 Bg7
28. Nb4 Ra5 29. Nc6 Bxc6 30. dxc6 Be5 31. Nc3 Bxc3 32. Rxc3 Qa8 33. Bd5 Ra4 34.
Qb3 Qa5 35. Re4 Nd4 36. Qd1 Qxc3 37. Qxa4 Nf3+ 38. Kg2 Ne5 39. Rh4 Qd2 40. Qe4
Kg7 41. Bb3 Rh8 42. Rxh8 Kxh8 43. Kf1 Kg7 44. Qh4 Qd3+ 45. Kg1 Nf3+ 0-1

[Event "Russian Championship B13 2016"]
[Site "Loo"]
[Date "2016.04.25"]
[Round "6.13"]
[White "Erokhin, Artem"]
[Black "Mochalin, Faddey"]
[Result "0-1"]
[WhiteElo "1655"]
[BlackElo "1866"]
[PlyCount "120"]
[EventDate "2016.04.20"]

1. e4 e6 2. d4 d5 3. Nd2 c5 4. Ngf3 cxd4 5. Nxd4 Nf6 6. exd5 Qxd5 7. N2f3 a6 8.
Be2 Qd8 9. O-O Bd6 10. Bg5 O-O 11. Qd2 Be7 12. Rad1 b6 13. Ne5 Bb7 14. Bc4 Qc8
15. Qe2 b5 16. Bb3 Nd5 17. Bxe7 Nxe7 18. Nxf7 Rxf7 19. Nxe6 Nd5 20. Bxd5 Bxd5
21. Rxd5 Re7 22. Re5 Nc6 23. Re4 Rxe6 24. Rxe6 Nd4 25. Qe4 Nxe6 26. Re1 Nf8 27.
Qd5+ Kh8 28. h3 Ra7 29. Qh5 Qxc2 30. Qf3 Kg8 31. Qd5+ Rf7 32. Re8 Qxf2+ 33. Kh2
Qf4+ 34. Kg1 Qc1+ 35. Kh2 Qc7+ 36. Kg1 g6 37. Ra8 Qb6+ 38. Kh1 Kg7 39. Qe5+ Qf6
40. Qxf6+ Rxf6 41. Kg1 Kh6 42. Ra7 Kg5 43. g3 h5 44. Kg2 Rc6 45. Kf3 Ne6 46.
Ke4 Nc7 47. Kd3 Kf5 48. b3 Ke6 49. a4 b4 50. Rb7 a5 51. Ke4 Kd7 52. Rb8 Ne6 53.
Rg8 Ng5+ 54. Kd5 Ne6 55. Rh8 Rc5+ 56. Ke4 Kd6 57. Ra8 Re5+ 58. Kf3 Nd4+ 59. Kf4
Ne6+ 60. Kf3 Ng5+ {далее запись неразбор~~ива} 0-1

[Event "Russian Championship B13 2016"]
[Site "Loo"]
[Date "2016.04.25"]
[Round "6.14"]
[White "Shaykhaliev, Dzhokhar"]
[Black "Esipenko, Aleksandr"]
[Result "1-0"]
[WhiteElo "1710"]
[BlackElo "1846"]
[PlyCount "65"]
[EventDate "2016.04.20"]

1. e4 c5 2. Nf3 Nc6 3. d4 cxd4 4. Nxd4 g6 5. c4 Bg7 6. Be3 Nf6 7. f3 d6 8. Be2
O-O 9. Qd2 Bd7 10. Nc3 Nxd4 11. Bxd4 Bc6 12. O-O Nd7 13. Bxg7 Kxg7 14. Kh1 a5
15. Qe3 Nc5 16. e5 Ne6 17. Rad1 Qc7 18. exd6 exd6 19. Ne4 Bxe4 20. Qxe4 Rad8
21. f4 Nc5 22. Qd4+ f6 23. Bf3 Rfe8 24. Rfe1 Ne6 25. Qe4 b6 26. g3 Qc5 27. Qb7+
Nc7 28. Bc6 Rxe1+ 29. Rxe1 Qf2 30. Qxc7+ Kh6 31. Rg1 Re8 32. g4 Re2 33. g5+ 1-0

[Event "Russian Championship B13 2016"]
[Site "Loo"]
[Date "2016.04.25"]
[Round "6.15"]
[White "Don, Aleksandr"]
[Black "Grankin, Alexey"]
[Result "1-0"]
[WhiteElo "1933"]
[BlackElo "1734"]
[PlyCount "111"]
[EventDate "2016.04.20"]

1. e4 e5 2. Nf3 Nc6 3. Bb5 a6 4. Ba4 Nf6 5. O-O b5 6. Bb3 Bc5 7. c3 O-O 8. d4
exd4 9. cxd4 Bb6 10. Re1 d6 11. h3 h6 12. Be3 Re8 13. Nbd2 Na5 14. Bc2 c5 15.
d5 Ra7 16. g4 c4 17. Nf1 Bxe3 18. Rxe3 Rae7 19. Ng3 Nb7 20. Nd4 Nc5 21. Nc6 Qb6
22. Nxe7+ Rxe7 23. Qe2 Ncd7 24. Kg2 Ne5 25. Rd1 Ng6 26. Kh2 Ne5 27. Nf5 Bxf5
28. gxf5 Qa5 29. a3 Qc7 30. f4 Ned7 31. e5 Qc5 32. e6 Kh7 33. Rg3 Nf8 34. Qg2
fxe6 35. fxe6+ Kh8 36. Bg6 Nxg6 37. Rxg6 Ne8 38. Rxh6+ Kg8 39. Qc2 Qg1+ 40.
Kxg1 gxh6 41. Kf2 Rg7 42. Qc3 Rg6 43. Kf3 Ng7 44. Ke4 Nh5 45. Qa5 Rg2 46. Qd8+
Kh7 47. e7 Ng7 48. Kf3 Rxb2 49. e8=Q Nxe8 50. Qxe8 Rb3+ 51. Kg4 c3 52. Kf5 Rb2
53. Qg6+ Kh8 54. Kf6 Rg2 55. Qxg2 c2 56. Qg7# 1-0

[Event "Russian Championship B13 2016"]
[Site "Loo"]
[Date "2016.04.25"]
[Round "6.16"]
[White "Galichkin, Ilya"]
[Black "Goren, Aleksandr"]
[Result "1-0"]
[WhiteElo "1866"]
[BlackElo "1777"]
[PlyCount "119"]
[EventDate "2016.04.20"]

1. e4 e5 2. Nf3 Nc6 3. Bb5 a6 4. Ba4 Nf6 5. O-O b5 6. Bb3 Bb7 7. Re1 Bc5 8. c3
d6 9. d4 Bb6 10. Bg5 h6 11. Bh4 O-O 12. Bc2 Re8 13. a4 exd4 14. cxd4 Nb4 15.
Nbd2 Nxc2 16. Qxc2 Ba5 17. Re3 g5 18. Bg3 Qd7 19. Nb3 Bb4 20. Nbd2 c5 21. d5 c4
22. Rae1 Rac8 23. Nd4 Ng4 24. R3e2 c3 25. bxc3 Bxc3 26. Qd3 Bxd4 27. Qxd4 Ne5
28. f4 Ng6 29. fxg5 hxg5 30. axb5 axb5 31. Qf6 Qe7 32. Qxe7 Rxe7 33. Bxd6 Rd7
34. Bb4 Ne5 35. Re3 Rc2 36. Rb1 Nc4 37. Nxc4 Rxc4 38. Rb2 Kh7 39. Kf2 Kg6 40.
g4 f6 41. Kf3 Rh7 42. Be1 b4 43. Reb3 Rh3+ 44. Bg3 Bc8 45. Rxb4 Rc3+ 46. Kf2
Bxg4 47. R4b3 Rxb3 48. Rxb3 Rh8 49. Rb6 Re8 50. e5 Rf8 51. Ke3 Kf5 52. e6 Kg6
53. Kd4 Rc8 54. Rb7 Bf5 55. Re7 Rc1 56. Rc7 Rxc7 57. Bxc7 Bg4 58. Kc5 Kg7 59.
Kd6 Bh5 60. Kd7 1-0

[Event "Russian Championship B13 2016"]
[Site "Loo"]
[Date "2016.04.25"]
[Round "6.17"]
[White "Rubtsov, Aleksandr"]
[Black "Averyanov, Grigori"]
[Result "1/2-1/2"]
[WhiteElo "1834"]
[BlackElo "1716"]
[PlyCount "108"]
[EventDate "2016.04.20"]

1. e4 c5 2. Nf3 d6 3. d4 cxd4 4. Nxd4 Nf6 5. Nc3 a6 6. h3 e5 7. Nde2 Nbd7 8. g4
h6 9. Bg2 b5 10. Be3 Bb7 11. O-O Nb6 12. Nd5 Nfxd5 13. exd5 Nc4 14. Bc1 Be7 15.
b3 Nb6 16. Ng3 O-O 17. Nf5 Bg5 18. f4 exf4 19. Bxf4 Bxf4 20. Rxf4 Nd7 21. Qd4
Ne5 22. Re1 Re8 23. Rfe4 f6 24. h4 Bc8 25. Ne3 Bd7 26. Rf1 Rc8 27. c4 bxc4 28.
bxc4 Rc5 29. Rb1 Qc7 30. Rc1 Rc8 31. Rf4 Qa5 32. Bf1 Qa4 33. Rb1 Qa5 34. Kh1
Qc7 35. Bd3 Ra5 36. Rb2 Ra3 37. Bf1 Qa5 38. Rff2 Rxe3 39. Qxe3 Nxg4 40. Qe7
Nxf2+ 41. Rxf2 Qd8 42. Qxd6 f5 43. Rf4 Qc7 44. Qxc7 Rxc7 45. h5 Kf7 46. Bd3 Kf6
47. Kg2 Kg5 48. Kf3 Kf6 49. Ke3 Ke5 50. Rf2 Be8 51. Bf1 Rf7 52. Rf4 Rb7 53. Rf2
Rf7 54. Rf4 Rb7 1/2-1/2

[Event "Russian Championship B13 2016"]
[Site "Loo"]
[Date "2016.04.25"]
[Round "6.19"]
[White "Yarosh, Ruslan"]
[Black "Tsyrendashiev, Bato"]
[Result "1-0"]
[WhiteElo "1791"]
[BlackElo "1687"]
[PlyCount "57"]
[EventDate "2016.04.20"]

1. e4 d5 2. exd5 Nf6 3. d4 Bg4 4. f3 Bf5 5. Bd3 Bxd3 6. Qxd3 Nxd5 7. Ne2 g6 8.
a3 Bg7 9. O-O O-O 10. c4 Nf6 11. Nbc3 c5 12. d5 Nbd7 13. Qc2 a6 14. a4 b6 15.
Bf4 Nh5 16. Be3 Ne5 17. Ne4 Nf6 18. N2g3 Nxe4 19. Nxe4 Qd7 20. Rad1 Rad8 21. b3
e6 22. a5 exd5 23. Rxd5 Qc6 24. Rfd1 Nd7 25. axb6 Bd4 26. Bxd4 cxd4 27. Rd6 Qb7
28. R1xd4 Ne5 29. Rxd8 1-0

[Event "Russian Championship B13 2016"]
[Site "Loo"]
[Date "2016.04.25"]
[Round "6.20"]
[White "Polyanskiy, Vladislav"]
[Black "Gabitov, Bulat"]
[Result "1/2-1/2"]
[WhiteElo "1873"]
[BlackElo "1742"]
[PlyCount "90"]
[EventDate "2016.04.20"]

1. d4 d5 2. Nf3 Nf6 3. e3 c6 4. c4 e6 5. Nbd2 Nbd7 6. b3 Bd6 7. Bb2 O-O 8. Bd3
Qe7 9. Ne5 c5 10. O-O cxd4 11. exd4 Rd8 12. Qe2 Bb4 13. Ndf3 dxc4 14. bxc4 Nxe5
15. Nxe5 Bd7 16. h4 h5 17. Qf3 b6 18. Rfd1 Ba4 19. Rf1 Rac8 20. a3 Bd6 21. Rfe1
Qc7 22. Rac1 Qb8 23. Rb1 Qa8 24. Qe3 Be8 25. Rbc1 a6 26. g3 Kf8 27. c5 bxc5 28.
dxc5 Bxe5 29. Bxe5 Ng4 30. Be4 Nxe3 31. Bxa8 Rxa8 32. Rxe3 Bc6 33. Bd6+ Kg8 34.
Rb3 Rdc8 35. Rb6 g6 36. Rd1 Ra7 37. Rdb1 Raa8 38. Kf1 Kg7 39. Ke2 Kf6 40. Ke3
e5 41. Rd1 Ke6 42. Rd2 f6 43. Rd1 Kf7 44. Rd2 Ra7 45. Rdb2 Raa8 1/2-1/2

[Event "Russian Championship B13 2016"]
[Site "Loo"]
[Date "2016.04.25"]
[Round "6.21"]
[White "Privalov, Igor"]
[Black "Rustamov, Sezqin"]
[Result "1-0"]
[WhiteElo "1864"]
[BlackElo "1732"]
[PlyCount "85"]
[EventDate "2016.04.20"]

1. e4 e5 2. Nf3 Nc6 3. Bb5 Nf6 4. O-O Nxe4 5. d4 Nd6 6. dxe5 Nxb5 7. a4 d6 8.
e6 fxe6 9. axb5 Ne7 10. Bg5 Qd7 11. Nc3 Ng6 12. Re1 Be7 13. Bxe7 Nxe7 14. Ng5
e5 15. Qh5+ g6 16. Qh4 Qg4 17. Qxg4 Bxg4 18. b6 cxb6 19. Nce4 O-O 20. Nxd6 Nc6
21. f3 Bf5 22. c3 Rad8 23. Rad1 h6 24. Nge4 Bxe4 25. fxe4 Rd7 26. Rd2 Rfd8 27.
Red1 Ne7 28. Kf2 Nc8 29. Nc4 Rxd2+ 30. Nxd2 Kf7 31. Ke2 g5 32. Rf1+ Ke6 33. Ra1
a6 34. Nb3 Kd6 35. Rf1 Kc6 36. Rf6+ Rd6 37. Rf8 Ne7 38. Re8 Rd7 39. Nd2 Kc5 40.
Rh8 h5 41. Rh7 Kd6 42. Nf3 Nc6 43. Rh6+ {далее запись неразбор~~ива} 1-0

[Event "Russian Championship B13 2016"]
[Site "Loo"]
[Date "2016.04.25"]
[Round "6.22"]
[White "Radochin, Oleg"]
[Black "Makhlin, Miron"]
[Result "1/2-1/2"]
[WhiteElo "1729"]
[BlackElo "1788"]
[PlyCount "118"]
[EventDate "2016.04.20"]

1. e4 c5 2. Nf3 Nc6 3. d4 cxd4 4. Nxd4 e5 5. Nb5 a6 6. Nd6+ Bxd6 7. Qxd6 Qe7 8.
Qd1 Nf6 9. Nc3 d6 10. Be2 Be6 11. O-O O-O 12. Bg5 Nd4 13. Bd3 h6 14. Bxf6 Qxf6
15. Ne2 Nxe2+ 16. Bxe2 Rad8 17. c4 Qg6 18. Qd3 f5 19. Bf3 b5 20. cxb5 axb5 21.
exf5 Bxf5 22. Bd5+ Kh8 23. Qxb5 Bd3 24. Bc4 Bxf1 25. Bxf1 Qc2 26. Qe2 Rc8 27.
b4 Qxe2 28. Bxe2 Rc2 29. Bf3 Rc4 30. b5 Rfc8 31. Bc6 R4xc6 32. bxc6 Rxc6 33.
Kf1 Kg8 34. Ke2 Kf7 35. Kd3 Ke6 36. a4 d5 37. f3 Kd6 38. a5 Ra6 39. g3 Kc5 40.
Rc1+ Kb5 41. Rb1+ Kxa5 42. Re1 Kb5 43. Rxe5 Kc5 44. Ke3 Kc4 45. Kf4 d4 46. Re7
d3 47. Ke3 Rc6 48. Kd2 g5 49. Rd7 Ra6 50. Rxd3 Ra2+ 51. Ke3 Rxh2 52. g4 h5 53.
gxh5 Rxh5 54. Rd4+ Kc5 55. Rg4 Kd5 56. Rg1 Ke5 57. Rxg5+ Rxg5 58. f4+ Kf5 59.
fxg5 Kxg5 1/2-1/2

[Event "Russian Championship B13 2016"]
[Site "Loo"]
[Date "2016.04.25"]
[Round "6.23"]
[White "Shadunts, Kirill"]
[Black "Mishuris, Matvey"]
[Result "1-0"]
[WhiteElo "1715"]
[BlackElo "1784"]
[PlyCount "119"]
[EventDate "2016.04.20"]

1. d4 d6 2. c4 e5 3. d5 f5 4. Nc3 Nf6 5. Nf3 g6 6. g3 Bg7 7. Bg2 O-O 8. O-O
Nbd7 9. Rb1 a5 10. a3 Nb6 11. Nd2 a4 12. e4 Nfd7 13. Qe2 Nc5 14. b4 axb3 15.
Nxb3 Nbd7 16. Nxc5 Nxc5 17. h4 f4 18. Qc2 h6 19. Bb2 g5 20. hxg5 Qxg5 21. Nb5
Rf7 22. gxf4 exf4 23. f3 Bh3 24. Rf2 Re8 25. Kf1 Qh5 26. Bxh3 Qxh3+ 27. Ke2
Rfe7 28. Bxg7 Nxe4 29. Rg1 Ng3+ 30. Kd1 Rxg7 31. Nd4 Nf5 32. Rxg7+ Nxg7 33. Kc1
h5 34. Rg2 Kf8 35. Qg6 Re1+ 36. Kd2 Re7 37. Ne6+ Kg8 38. Nxg7 Qxg2+ 39. Qxg2
Rxg7 40. Qh2 Rf7 41. Qxh5 Kf8 42. Kd3 Ke7 43. Qg5+ Rf6 44. Ke4 b6 45. a4 Kf7
46. Qxf6+ Kxf6 47. Kxf4 Kg6 48. Kg4 Kf6 49. f4 Kg6 50. f5+ Kf6 51. Kf4 Kf7 52.
Kg5 Kg7 53. f6+ Kf7 54. Kf5 Ke8 55. Ke6 c6 56. f7+ Kf8 57. Kf6 c5 58. Ke6 b5
59. axb5 Kg7 60. Ke7 1-0

[Event "Russian Championship B13 2016"]
[Site "Loo"]
[Date "2016.04.25"]
[Round "6.24"]
[White "Kharitonov, Egor"]
[Black "Terzyan, Nazar"]
[Result "0-1"]
[WhiteElo "1782"]
[BlackElo "1708"]
[PlyCount "108"]
[EventDate "2016.04.20"]

1. d4 d5 2. c4 e6 3. Nc3 Nf6 4. cxd5 exd5 5. Bg5 c6 6. Qc2 Be7 7. e3 O-O 8. Bd3
Nbd7 9. Nf3 Re8 10. O-O Nf8 11. h3 Ne4 12. Bf4 f5 13. Ne5 Bg5 14. Bh2 Nd7 15.
Rae1 Nxe5 16. Bxe5 Bf6 17. Bh2 Rf8 18. Ne2 Bd7 19. f3 Ng5 20. Bd6 Be7 21. Be5
Nf7 22. Bxf5 Bxf5 23. Qxf5 Nxe5 24. Qxe5 Bb4 25. Nc3 Qd7 26. Qg5 Rf6 27. Qg4
Qc7 28. f4 Rg6 29. Qf3 Qa5 30. Rc1 Bxc3 31. bxc3 Qxa2 32. f5 Rf6 33. Rb1 b5 34.
e4 Raf8 35. Ra1 Qc4 36. Rxa7 dxe4 37. Qxe4 Qxc3 38. Rf3 Qc4 39. Rc7 Rd8 40.
Rxg7+ Kxg7 41. Qe7+ Qf7 42. Qxd8 Rxf5 43. Rg3+ Kh6 44. Qh4+ Qh5 45. Qe7 Qd1+
46. Kh2 Qxd4 47. Qe6+ Qf6 48. Qe3+ Kh5 49. Qe2+ Kh6 50. Qd2+ Kh5 51. Qd7 Rg5
52. Qxh7+ Qh6 53. Rxg5+ Kxg5 54. h4+ Qxh4+ 0-1

[Event "Russian Championship B13 2016"]
[Site "Loo"]
[Date "2016.04.25"]
[Round "6.25"]
[White "Pestryakov, Nikita"]
[Black "Sabirov, Timur"]
[Result "0-1"]
[WhiteElo "1659"]
[BlackElo "1781"]
[PlyCount "44"]
[EventDate "2016.04.20"]

1. e4 c5 2. Nf3 e6 3. d4 cxd4 4. Nxd4 a6 5. Nc3 Qc7 6. Bd3 Nf6 7. O-O b5 8. Be3
Bb7 9. f3 b4 10. Nce2 d5 11. exd5 Nxd5 12. Bf2 Bd6 13. Ng3 h5 14. Re1 h4 15.
Ngf5 Bxh2+ 16. Kf1 Be5 17. Qe2 Nd7 18. Nxg7+ Bxg7 19. Nxe6 fxe6 20. Bg6+ Kd8
21. Qxe6 Be5 22. Bd4 Qc4+ 0-1

[Event "Russian Championship B13 2016"]
[Site "Loo"]
[Date "2016.04.25"]
[Round "6.26"]
[White "Gaglazov, Mikhail"]
[Black "Belkov, Nikolay"]
[Result "0-1"]
[WhiteElo "1562"]
[BlackElo "1779"]
[PlyCount "98"]
[EventDate "2016.04.20"]

1. e4 c5 2. Nf3 Nc6 3. Bb5 e5 4. c4 Bd6 5. Nc3 Nge7 6. O-O f6 7. Nd5 a6 8. Bxc6
dxc6 9. Nxe7 Qxe7 10. h3 Be6 11. d3 O-O-O 12. Bd2 Bc7 13. Qc2 Qd7 14. Ne1 g5
15. b4 Rhg8 16. bxc5 Rg6 17. f3 Qd4+ 18. Rf2 Qxc5 19. Kf1 Bb6 20. Bc1 Qxf2+ 21.
Qxf2 Bxf2 22. Kxf2 h5 23. g4 hxg4 24. hxg4 Rh6 25. Ba3 Rd7 26. Ke3 Rh3 27. Kd2
Bxc4 28. Kc3 Be6 29. Rb1 Bxa2 30. Rb2 Be6 31. Rd2 b6 32. Rb2 Kc7 33. Rd2 c5 34.
Bb2 b5 35. Kc2 Kb6 36. Kc1 a5 37. Ba1 b4 38. Kb2 Rh1 39. Rd1 Kb5 40. Kc1 a4 41.
Nc2 Rxd1+ 42. Kxd1 Bb3 43. Kd2 Bxc2 44. Kxc2 c4 45. dxc4+ Kxc4 46. f4 gxf4 47.
g5 f3 48. gxf6 f2 49. Bxe5 f1=Q 0-1

[Event "Russian Championship B13 2016"]
[Site "Loo"]
[Date "2016.04.25"]
[Round "6.27"]
[White "Egorov, Georgiy"]
[Black "Kozubov, Mikhail"]
[Result "0-1"]
[WhiteElo "1557"]
[BlackElo "1687"]
[PlyCount "148"]
[EventDate "2016.04.20"]

1. e4 e6 2. d3 d5 3. Nd2 dxe4 4. Nxe4 Nf6 5. Bg5 Be7 6. Nxf6+ Bxf6 7. Bxf6 Qxf6
8. Qf3 Qxb2 9. Qd1 Qc3+ 10. Ke2 Nc6 11. Nf3 Nb4 12. Ne1 Nd5 13. g3 Qe5+ 14. Kd2
Qd4 15. a3 Qxf2+ 16. Qe2 Qxe2+ 17. Bxe2 Bd7 18. Rb1 Rb8 19. Bf3 Bc6 20. c4 Ne7
21. d4 Bxf3 22. Nxf3 Nf5 23. Rhe1 O-O 24. Kd3 Rfd8 25. Re5 Ne7 26. Kc3 b6 27.
d5 Ng6 28. Rh5 exd5 29. Rxd5 Rxd5 30. cxd5 Re8 31. Re1 Rxe1 32. Nxe1 Kf8 33.
Kd4 Ke7 34. Nf3 f6 35. Nd2 Ne5 36. h3 Kd7 37. a4 Nf7 38. Nf3 Kd6 39. Nh4 Nh6
40. g4 g6 41. Nf3 Nf7 42. Nd2 Nh6 43. Ne4+ Ke7 44. g5 Nf5+ 45. Kd3 fxg5 46.
Nxg5 h6 47. Nf3 Kd6 48. Ke4 Ne7 49. Ne5 Nxd5 50. Nxg6 Nc3+ 51. Kd3 Nxa4 52. Nh4
Nc5+ 53. Kc4 Ke6 54. Nf3 a5 55. Nd4+ Ke5 56. Nb5 c6 57. Na7 Kd6 58. Nc8+ Kc7
59. Ne7 Ne6 60. Kc3 b5 61. Nf5 Nf4 62. Nxh6 Nxh3 63. Ng4 Kd6 64. Nf6 Nf4 65.
Ne4+ Kc7 66. Kc2 a4 67. Nc5 Kd6 68. Ne4+ Kd5 69. Nc3+ Kd4 70. Nd1 Nd5 71. Kb2
c5 72. Ka3 b4+ 73. Kxa4 Nc3+ 74. Kb3 Nxd1 0-1

[Event "Russian Championship B13 2016"]
[Site "Loo"]
[Date "2016.04.25"]
[Round "6.28"]
[White "Kulaev, Maxim"]
[Black "Subatovich, Daniil"]
[Result "1-0"]
[WhiteElo "1966"]
[BlackElo "1763"]
[PlyCount "165"]
[EventDate "2016.04.20"]

1. d4 d5 2. Nf3 Nf6 3. g3 c5 4. c3 e6 5. Bg2 Nc6 6. O-O Be7 7. b3 O-O 8. Bb2
cxd4 9. cxd4 Bd7 10. Nbd2 Qb6 11. Qb1 Rac8 12. Rc1 h6 13. e3 Rc7 14. a3 a5 15.
Bf1 Rfc8 16. Qd3 Na7 17. Rxc7 Rxc7 18. Rc1 Bb5 19. Qb1 Bxf1 20. Kxf1 Rxc1+ 21.
Qxc1 Qc6 22. Ne5 Qxc1+ 23. Bxc1 Kf8 24. Nb1 Nb5 25. Ke2 Ne4 26. Bb2 Ke8 27. f3
Ned6 28. Nd3 Kd7 29. a4 Na7 30. Ba3 Nc6 31. Nc3 b6 32. Bxd6 Bxd6 33. Nb5 Be7
34. f4 Bb4 35. Kf3 f5 36. Ke2 Be7 37. Nc3 Bd6 38. Nb1 Be7 39. Nd2 Bd6 40. Nf3
Ke7 41. h3 Ba3 42. h4 h5 43. Nfe5 Nxe5 44. fxe5 Kd7 45. Nf4 Bf8 46. Nxh5 Ke7
47. Nf4 Kf7 48. h5 Ba3 49. Kf3 Bc1 50. Ng2 Ba3 51. g4 fxg4+ 52. Kxg4 Bc1 53.
Kf3 Bb2 54. Nf4 Bc3 55. Ne2 Be1 56. e4 dxe4+ 57. Kxe4 g5 58. hxg6+ Kxg6 59.
Nf4+ Kf7 60. Kd3 Bh4 61. Kc4 Bd8 62. Kb5 Bg5 63. Ne2 Bd2 64. Kxb6 Bb4 65. Nf4
Ke7 66. Nd3 Bc3 67. Kc5 Kd7 68. b4 axb4 69. Nxb4 Kc7 70. a5 Bd2 71. a6 Bh6 72.
d5 Kd7 73. d6 Be3+ 74. Kb5 Kc8 75. Nc6 Bf2 76. a7 Kb7 77. d7 Bb6 78. d8=Q Bxd8
79. Nxd8+ Kxa7 80. Kc6 Kb8 81. Kd7 Ka7 82. Nxe6 Kb6 83. Kd6 1-0